000 00283nam a2200109Ia 4500
008 230907s9999||||xx |||||||||||||| ||und||
082 _a658.4012
_bHIT
100 _aHitt, Michael A.
_9112295
245 0 _aStrategic management :
300 _axxiv, 404, I-1-I-28 pages :
942 _cBK
999 _c601139
_d601139